| 000 | 00492nam a2200169Ia 4500 | ||
|---|---|---|---|
| 008 | 260520s2020 xx 000 0 und d | ||
| 020 | _a978-93-51645-01-6 | ||
| 041 | _amar | ||
| 082 | _a491.460/KAL | ||
| 100 | _aकाले, कल्याण | ||
| 245 | _aव्यावहारिक मराठी | ||
| 250 | _a1st ed | ||
| 260 |
_aपुणे _bनिराली प्रकाशन _c2020 |
||
| 300 | _a11.6p. | ||
| 500 | _aCat No: 14949 | ||
| 650 | _aMARATHI LANGUAGE | ||
| 999 |
_c1221755 _d1221755 |
||